1772 1999 1594 1749 1587 1013 1998 1389 1837 1979 1045 1576 1758 1539 1777 1048 1737 1841 1398 1204 1287 1154 1050 1230 1683 1490 1729 1468 1010 1269 1809 1336 1364 1877 1766 1747 1299 1337 1444 1237 1777 1855 1793 1992 1330 1592 1579 1684 1105 1705 1642 1925 1352 1292 1830 1923 1256 1112 1099 1853 1365 1568 1372 1886 1814 1348 1041 1397 1534 1189 1218 1971 1889 1523 1186 1418 1820 1494 1238 1669 1971 1507 1290 1405 1593 1187 1706 1285 1239 1582 1184 1976 1986 1196 1851 1276 1883 1833 1689 BCNSPRNW ULIB Ver.6.0+V

เปลี่ยนเป็นภาษาไทย

Change to English
 แสดงรายละเอียดบรรณานุกรม
  กลับหน้าหลัก

Brief Record : Get Marc (ISO 2709) : E-mail record : QR code < ปิดหน้าต่าง
LEADER : 00000nam 2200000uu 4500
001    13399112320
003     ULIB
008    110125s2546||||th 000 0 tha d
020    97495931
060 04 WM16^bก496ก 2546
100 0  ดารณี จามจุรี
245 00 การศึกษาผลการประเมินคุณภาพการพยาบาลของโรงพยาบาลสังกัดกระทรวงสาธารณสุข ประจำปีงบประมาณ 2545 /^cดารณี จามจุรี
260    กรุงเทพฯ :^bสำนักการพยาบาล กรมการแพทย์ กระทรวงสาธารณสุข,^c2546
300    48 หน้า
650  7 การศึกษาผลการประเมินคุณภาพการพยาบาล
650  7 คุณภาพการพยาบาล^xการศึกษา
710 2  กระทรวงสาธารณสุข. ^bกรมการแพทย์.^bสำนักการพยาบาล.
945    ^p0^l0^i015668
945    ^p0^l0^i015669
945    ^p0^l0^i015670
995    ทศพร
999 ^a ใช้งานได้ทุกระบบ
รายการนี้ยังไม่มีแท็ก
คุณยังไม่ได้ล็อกอิน คุณสามารถมีกิจกรรมร่วมกับเว็บไซต์ได้ แต่ต้องล็อกอินก่อน ::
  ล็อกอิน

รายการสื่อสารสนเทศ

ลำดับที่ ประเภท เลขเรียก/บาร์โค้ด สถานที่ สถานะ
- ไม่พบข้อมูล -

รายการใกล้เคียง
    ผู้แต่ง [ดารณี จามจุรี]

BibComment


ยังไม่เคยถูกคอมเมนท์

คอมเมนท์ทรัพยากรรายการนี้
  คอมเมนท์: การศึกษาผลการประเ..


 Copyright 2026. Bcnsprnw @Library